00919 a2200181 45000010006000000050017000060080041000230030015000640400040000790800099001192450037002182640043002553000019002985050343003171000024006607000029006847000024007132948520260407155605.0260407a1976 arg spa dAR-UNSa-BCEJYS aAR-UNSa-BCEJYSbspacAR-UNSa-BCEJYS a657.36xBalances de comprobación (balance estimativo). Balances de saldo. Balance intermedio10aIndexación de esados contables 1aBuenos Aires :bEdiciones Macchic1976 a471 p.c21 cm. a1. ¿A qué se tiende en contabilidad? - 2. ¿Qué problemas origina la inflación en la información contable? - 3. ¿Qué soluciones ha proporcionado la doctrina? - 4. ¿Cómo se fundamenta y en qué consiste la indexación de estados contables? - 5. ¿Qué otros aspectos se vinculan con la indexación de estados contables? 1 aLuppi, Hugo Alberto1 aLópez Santiso, Horacio1 aPanagi, Luis Andres